000 00291nam a2200133Ia 4500
100 _aYakovlev G.N.
942 _cRB
654 _aAlgebra
245 _aAlgebra & Fundamentals of Analysis
260 _bMir Publishers
_aRussian
_c1981
300 _a567
546 _aENGLISH
999 _c28247
_d28247